| 000 | 00458nam a2200193Ia 4500 | ||
|---|---|---|---|
| 005 | 20230714121621.0 | ||
| 008 | 140110s9999 xx 000 0 und d | ||
| 020 |
_a978147110008 _cRs.325.00 |
||
| 040 | _aLoreto College | ||
| 041 | _aEnglish | ||
| 082 |
_aF _bALI |
||
| 100 | _aAli, Monica | ||
| 245 |
_aUntold story _cMonica Ali |
||
| 260 |
_aLondon _bSimon & Schuster _c2011 |
||
| 300 | _a342p. | ||
| 650 | _aFiction | ||
| 850 | _aLCLIB | ||
| 942 | _cBK | ||
| 999 |
_c38471 _d88950 |
||